00309nam a2200109Ia 4500008004100000041000800041082001400049100001900063245004500082260004800127300002400175240624s9999 xx 000 0 und d aeng a658.4 QUI aQUINN ROBERT E aBEYOND RATIONAL MANAGEMENT MASTERING THE c1991aSan FranciscobJossey-Bass Publishers a199 : p. : cm. ; 24